000 00647nam a2200289Ia 4500
005 20260324134820.0
008 008 260324s9999 xx 000 0 eng d
020 _a9780429217487
037 _aEBOOK
040 _aCRL
040 _beng
040 _cCRL
041 _2eng
041 _aeng
084 _qCRL
100 _aA. Douglas Kinghorn
_91198267
245 0 _aStevia
245 4 _bThe Genus Stevia
260 _bTaylor and Francis
260 _c2001
365 _a
365 _b385
856 _uhttp://www.taylorfrancis.com/books/9780429217487
942 _cEBOOK
999 _c1798709
_d1798709